000 00943nam a22003377a 4500
001 0017468
003 KOHA_MİRAKIL
005 20260207002140.0
007 ta
008 100521b1995 tu |||gr||||#0|||0|tur |
020 _a9757207020
_cTL0,01
040 _aTR-BiSEU
_btur
_cTR-BiSEU
_erda
041 0 _atur
044 _ctu
050 _aQA150
_b.C43 1995
100 1 _aGündüzalp, Yavuz.
245 1 _aCebir-geometri günleri/
_cYavuz Gündüzalp ; Yavuz Gündüzalp.
264 1 _aMuğla :
_bMuğla Üniversitesi Yayınları
_c1995
300 _a50 sayfa; 23 cm.
336 _ametin
_btxt
_2rdacontent
337 _aaracısız
_bn
_2rdamedia
338 _acilt
_bnc
_2rdacarrier
500 _aKaynakça var.
500 _aEser İngilizce metin içermektedir.
650 0 _aCebir.
_92058
650 0 _aAlgebra.
_92831
650 0 _aGeometry.
_95564
650 0 _aGeometri.
_91520
907 _aBilim
942 _2lcc
_cBK
999 _c17425
_d17425